Statistics for 30 second sprint (Easy multiple choice)

Click here to take the quiz!

General Stats

  • This quiz has been taken 51 times
  • The average score is 5 of 8

Answer Stats

QuestionAnswer% Correct
Which is the smallest country?Vatican City
97%
Which is Japan's capital city?Tokyo
91%
Which is the largest country?Russia
89%
Which country has the 2nd most population?India
86%
Which country borders India?Myanmar
54%
Which is the southern most country in Africa?South Africa
54%
Which one of these countries does Russia border?Norway
51%
Which country invented Football? (The NFL one, not soccer one)UK
14%

Score Distribution

Percentile by Number Answered

Percent of People with Each Score

Your Score History

You have not taken this quiz